Falls in older people : (Record no. 20754)
[ view plain ]
| 000 -LEADER | |
|---|---|
| fixed length control field | 01264nam a22002775a 4500 |
| 001 - CONTROL NUMBER | |
| control field | 015626959 |
| 003 - CONTROL NUMBER IDENTIFIER | |
| control field | OSt |
| 005 - DATE AND TIME OF LATEST TRANSACTION | |
| control field | 20151207131455.0 |
| 008 - FIXED-LENGTH DATA ELEMENTS--GENERAL INFORMATION | |
| fixed length control field | 100119t2010 mdua frb 001 0 eng d |
| 020 ## - INTERNATIONAL STANDARD BOOK NUMBER | |
| International Standard Book Number | 9781932529449 (pbk.) |
| 040 ## - CATALOGING SOURCE | |
| Original cataloging agency | DNLM/DLC |
| Transcribing agency | DLC |
| Modifying agency | NLM |
| -- | YDXCP |
| -- | C#P |
| -- | BWX |
| -- | CDX |
| -- | QBX |
| -- | DLC |
| -- | EG-ScBUE |
| Language of cataloging | eng |
| 082 04 - DEWEY DECIMAL CLASSIFICATION NUMBER | |
| Classification number | 617.100846 |
| Edition number | 22 |
| Item number | TID |
| 100 1# - MAIN ENTRY--PERSONAL NAME | |
| Personal name | Tideiksaar, Rein. |
| 9 (RLIN) | 38855 |
| 245 10 - TITLE STATEMENT | |
| Title | Falls in older people : |
| Remainder of title | prevention & management / |
| Statement of responsibility, etc | Rein Tideiksaar. |
| 250 ## - EDITION STATEMENT | |
| Edition statement | 4th ed., Expanded ed. |
| 260 ## - PUBLICATION, DISTRIBUTION, ETC. (IMPRINT) | |
| Place of publication, distribution, etc | Baltimore ; |
| -- | London ; |
| -- | Sydney : |
| Name of publisher, distributor, etc | Health Professions Press, |
| Date of publication, distribution, etc | c.2010. |
| 300 ## - PHYSICAL DESCRIPTION | |
| Extent | xvii, 314 p. : |
| Other physical details | ill. ; |
| Dimensions | 26 cm. |
| 500 ## - GENERAL NOTE | |
| General note | Index : p. 305-314. |
| 504 ## - BIBLIOGRAPHY, ETC. NOTE | |
| Bibliography, etc | Bibliography : p. 293-303. |
| 505 0# - FORMATTED CONTENTS NOTE | |
| Formatted contents note | Consequences of falls -- Causes of falling and fall risk -- Clinical assessment and evaluation -- Preventive strategies to reduce fall risk -- Environmental modifications -- Reducing mechanical and chemical restraints -- Key process steps and interventions -- Organizational requirements -- Evidence-based practice. |
| 650 #0 - SUBJECT ADDED ENTRY--TOPICAL TERM | |
| Topical term or geographic name as entry element | Falls (Accidents) in old age. |
| Source of heading or term | BUEsh |
| 650 #0 - SUBJECT ADDED ENTRY--TOPICAL TERM | |
| Topical term or geographic name as entry element | Older people |
| General subdivision | Hospital care. |
| Source of heading or term | BUEsh |
| 650 #0 - SUBJECT ADDED ENTRY--TOPICAL TERM | |
| Topical term or geographic name as entry element | Older people |
| General subdivision | Nursing home care. |
| Source of heading or term | BUEsh |
| 653 ## - INDEX TERM--UNCONTROLLED | |
| Resource For college | Nursing |
| Arrived date list | August2015 |
| -- | December2015 |
| 942 ## - ADDED ENTRY ELEMENTS (KOHA) | |
| Source of classification or shelving scheme | Dewey Decimal Classification |
| Withdrawn status | Lost status | Source of classification or shelving scheme | Damaged status | Not for loan | Koha collection | Home library | Current library | Shelving location | Date acquired | Source of acquisition | Cost, normal purchase price | Serial Enumeration / chronology | Total Checkouts | Full call number | Barcode | Date last seen | Cost, replacement price | Koha item type |
|---|---|---|---|---|---|---|---|---|---|---|---|---|---|---|---|---|---|---|
| Dewey Decimal Classification | Baccah | Central Library | Central Library | First floor | 31/08/2015 | Purchase | 372.00 | 23317 | 617.100846 TID | 000030906 | 15/07/2025 | 465.00 | Book - Borrowing |